Obsestvo i Ekonomika (Record no. 5506)

MARC details
000 -LEADER
fixed length control field 00397nas a22001937i 4500
001 - CONTROL NUMBER
control field 5768
003 - CONTROL NUMBER IDENTIFIER
control field OSt
005 - DATE AND TIME OF LATEST TRANSACTION
control field 20170126082349.0
007 - PHYSICAL DESCRIPTION FIXED FIELD--GENERAL INFORMATION
fixed length control field tu
008 - FIXED-LENGTH DATA ELEMENTS--GENERAL INFORMATION
fixed length control field 161220s xxu||||| |||| 00| 0 d
022 ## - INTERNATIONAL STANDARD SERIAL NUMBER
International Standard Serial Number 0207-3676
024 7# - OTHER STANDARD IDENTIFIER
Standard number or code 5768
Source of number or code RID
024 7# - OTHER STANDARD IDENTIFIER
Standard number or code 5768
Source of number or code RSN (alt)
040 ## - CATALOGING SOURCE
Transcribing agency OSt
110 2# - MAIN ENTRY--CORPORATE NAME
Corporate name or jurisdiction name as entry element Nauka
245 00 - TITLE STATEMENT
Title Obsestvo i Ekonomika
260 ## - PUBLICATION, DISTRIBUTION, ETC.
Place of publication, distribution, etc. Moskau.
866 #0 - TEXTUAL HOLDINGS--BASIC BIBLIOGRAPHIC UNIT
-- 2002/1 - 2009/11-12
942 ## - ADDED ENTRY ELEMENTS (KOHA)
Koha item type Journal
Holdings
Withdrawn status Lost status Damaged status Not for loan Home library Current library Shelving location Date acquired Inventory number Total Checkouts Barcode Date last seen Price effective from Koha item type
        WIIW WIIW Library 01/08/2007 5768   10003460 01/26/2017 01/26/2017 Journal
The Vienna Instiute for International Economic Studies (wiiw)